Score 0/51 Timer 10:00
3 Plays Today
Hint Answer % Correct
StateMississippi
88.9%
StateTennessee
81.7%
StateHawaii
80.2%
StateMissouri
80.1%
StateMassachusetts
80.1%
StateIllinois
78.8%
CountryRussia
78.7%
StateMinnesota
77.9%
StatePennsylvania
76%
StateConnecticut
75.2%
State CapitalTallahassee
67.2%
CountryAndorra
66.5%
CountryMorocco
63.7%
CountryGreece
62.7%
CountryPhilippines
62.2%
World CapitalOttawa
58.7%
CountrySeychelles
55.3%
World CapitalCanberra
55.1%
State CapitalAnnapolis
53.9%
CountrySaint Kitts and Nevis
53.5%
CountryCameroon
53.2%
State CapitalPierre
52.4%
State CapitalJefferson City
52.3%
State CapitalHarrisburg
52.1%
World CapitalWellington
51.4%
World CapitalAddis Ababa
51.3%
Hint Answer % Correct
CountryMarshall Islands
51.2%
World CapitalBrussels
50.4%
World CapitalTallinn
50.4%
State CapitalNashville
50.2%
World CapitalAndorra la Vella
49.8%
State CapitalLittle Rock
48.9%
State CapitalCheyenne
48.8%
CountryGuinea-Bissau
48.5%
World CapitalVienna
46.2%
World CapitalValletta
45.6%
World CapitalAccra
45%
World CapitalAmman
44.1%
World CapitalUlaanbaatar
43%
CountrySierra Leone
42.3%
World CapitalBrazzaville
41%
World CapitalSana'a
38.4%
World CapitalBissau
38.3%
World CapitalNassau
36.1%
World CapitalFreetown
36%
World CapitalBasseterre
32.8%
World CapitalLibreville
32.2%
World CapitalRamallah
30.1%
World CapitalYamoussoukro
29.3%
World CapitalNouakchott
26.6%
World CapitalSri Jayawardenepura Kotte
24%

You're not logged in!

Compare scores with friends on all Sporcle quizzes.
OR
Log In

Sporcle TV

Today on Sporcle TV


Watch our educational content, quiz creation guides, and fun videos on Sporcle TV.

Show Comments

Extras

Top Quizzes Today


Score Distribution

Your Account Isn't Verified!

In order to create a playlist on Sporcle, you need to verify the email address you used during registration. Go to your Sporcle Settings to finish the process.

Report this User

Report this user for behavior that violates our Community Guidelines.

Details: